00718nam a2200205 a 450000100100000000500170001000800410002704000250006808200160009310000190010924500640012826000540019230000210024644000330026750000210030050001240032165000260044565000190047165000220049000003669720200930075859.0090805s1971 ag a 001 0 spa d aDO-SdBNPbspacBNPHU axxxxbL781i1 aLitton, Gaston13aLa información en la biblioteca moderna /cGaston Litton. aBuenos Aires :bBowker Editores Argentina,c1971. a189 p. ;c18 cm. 0aBreviarios del bibliotecario aIncluye índice aA pie de portada: Centro Regional de Ayuda Técnica, Agencia para el Desarrollo Internacional, México, Buenos Aires.24aTrabajo bibliotecario24aBibliotecarios24aBibliotecología